000 00858nam a2200121Ia 4500
008 220616s9999||||xx |||||||||||||| ||und||
245 0 _aCultural Dynamics in a Globalized World
_bProceedings of the Asia- Pacific research in Social Sciences and Humanities, Depok, Indonesia, November 7–9, 2016, Topics in arts and humanities
546 _aEnglish[eng]
650 _aliterature||philosophy||cultural studies||area studies||language studies||cultures||archaeology||history||pacific||literacy studies||asia||humanities||information||arts
700 _aBudiman, Manneke||Budianta, Melani||Kusno, Abidin||Moriyama, Mikihiro
856 _uhttps://library.oapen.org/bitstream/20.500.12657/31061/1/639851.pdf||https://library.oapen.org/bitstream/20.500.12657/31061/1/639851.pdf||https://library.oapen.org/bitstream/20.500.12657/31061/1/639851.pdf
942 _cEB
999 _c19582
_d19582